000 00764nam a2200253 a 4500
008
020 _a0443022038 (hbk.)
049 _aMAIN
050 0 0 _aRC377McA.
100 1 _aMcAlpine, Douglas.
240 0 0 _aMultiple sclerosis
245 1 0 _aMcAlpine's Multiple sclerosis /
_cW.B. Matthews ... [et al.] ; edited by W.B. Matthews.
260 _aEdinburgh :
_bChurchill Livingstone,
_c1985.
300 _a358 p. :
_bill. ;
_c26 cm.
504 _aIncludes bibliographical references.
650 0 _aMultiple sclerosis.
700 1 _aMatthews, Walter Bryan.
740 0 _aMultiple sclerosis.
907 _a.b10127987
_b12-01-07
_c18-06-04
003
005 20230123133742.0
040 _cNUST
942 _cBOOKS
999 _c154036
_d154036